On This Day: April 15th II Quiz Stats

 Plays Quiz Updated Apr 15, 2018

Score 0/7 Timer 03:00
0 Plays Today
Question Answer Wrong Answers
Following the death of Hu Yaobang, a former high-ranking official of the People's Republic of China, groups of students begin to assemble in ______ to mourn, marking the beginning of weeks of protests.
1989
Tiananmen Square
94.6%
Yonghe Temple
1.6%
Fragrant Hills Park
1.1%
Gubeikou
0.7%
This American multinational conglomerate is formed, with J. P. Morgan, Edwin J. Houston, and Thomas Edison listed among its founders.
1892
General Electric
94.6%
Maytag
1.1%
LG Electronics
2%
Siemens
1.5%
President Abraham Lincoln calls for 75,000 Volunteers to quell the insurrection that will soon become the ______.
1861
American Civil War
93.3%
Mexican–American War
3.5%
French and Indian War
0.8%
Battle of the Little Bighorn
2.3%
The first franchised ______ restaurant is opened by Ray Kroc in Des Plaines, Illinois.
1955
McDonald's
89.7%
Burger King
3.6%
Wendy's
3.5%
Taco Bell
1.6%
The closing ceremonies of the Games of the I Olympiad occur in ______.
1896
Athens
88.6%
London
3.2%
Paris
6.1%
New York
1.1%
The RMS Titanic, owned by this prominent British shipping company, sinks in the North Atlantic after hitting an iceberg.
1912
White Star Line
77.5%
Red Star Line
12.7%
Yellow Star Line
4.4%
Black Star Line
4.1%
This Canadian-American actor, known for co-writing films like ‘Superbad’ and ‘Pineapple Express’, is born.
1982
Seth Rogen
72.4%
James Franco
13.3%
Michael Cera
8.6%
Bill Hader
3.8%

You're not logged in!

Compare scores with friends on all Sporcle quizzes.
OR
Log In

Sporcle TV

Today on Sporcle TV


Watch our educational content, quiz creation guides, and fun videos on Sporcle TV.

Show Comments

Extras

Top Quizzes Today


Score Distribution

Your Account Isn't Verified!

In order to create a playlist on Sporcle, you need to verify the email address you used during registration. Go to your Sporcle Settings to finish the process.

Report this User

Report this user for behavior that violates our Community Guidelines.

Details: